| 000 | 00000nas##2200000za#4500 |
| 001 | 9.501301 |
| 003 | CaOODSP |
| 005 | 20200421163052 |
| 007 | cr ||||||||||| |
| 008 | 150406c2000||||xxc|| m o||||f| |0fre|d |
| 040 | |aCaOODSP|bfre |
| 043 | |an-cn--- |
| 086 | 1 |aNH18-1-1F-PDF |
| 110 | 2 |aSociété canadienne d'hypothèques et de logement. |
| 245 | 10|aRapport de recherche. Série sur le logement abordable et le financement de l'habitation |h[ressource électronique] |
| 260 | |aOttawa - Ontario : |bSociété canadienne d'hypothèques et de logement |c[1999]-[2005]. |
| 310 | |aIrrégulier |
| 691 | 07|aLogement|2gcpds |
| 691 | 07|aRecherche|2gcpds |
| 775 | 08|tResearch report. Housing affordability and finance series |w(CaOODSP)9.504903 |
| 776 | 0#|tRapport de recherche. Série sur le logement abordable et le financement de l'habitation |w(CaOODSP)9.513168 |